LEADER 00867nam a2200229 i 4500 001 000000211379 003 CaOOAMICUS 005 20211111114134.0 008 120229s1980 it u000 u ita u 013 $a190192 040 $aSeMil$bita 100 1 $aCarrieri, Raffaele.$0(OLS)http://semarc/name/36659 245 13$aLa ricchezza del niente /$cRaffaele Carrieri. 260 $aMilano :$bArnoldo Mondadori Editore,$c1980. 300 $a115 p. ;$c20 cm. 830 3$aLo specchio. I poeti del nostro tempo.$0(OLS)http://semarc/title/437868 850 $aSeMil 852 $aSeMil$W1$xVenegono$y1$m1A II 27$j161819$B161819$CSeMilBibl$Z2$F187568 $81 961 $aRecupero: Altro 996 $6245$aLa ricchezza del niente$9(OLS)http://semarc/title/305382 996 $6260$aMilano :$bArnoldo Mondadori Editore$9(OLS)http://semarc/publisher/30056 LEADER 00573nam a2200169 i 4500 001 000000040169 003 CaOOAMICUS 005 19931231000000.0 008 931231n xx u000 u fre u 013 $a11328 040 $aSeMil$bita 245 10$aPočtes et romanciers du Moyen Age. 700 1 $aPauphilet, Albert.$0(OLS)http://semarc/name/19599 850 $aSeMil 852 $aSeMil$W1$xVenegono$y1$m1W II 221$j6324$B6324$CSeMilBibl$Z2$F6324 $81 961 $aOmaggio: Ciprandi dott. Paolo 996 $6245$aPočtes et romanciers du Moyen Age$9(OLS)http://semarc/title/57547